[Event "DEM U12 2018"]
[Site "Willingen GER"]
[Date "2018.05.21"]
[Round "3"]
[White "Haack, Kevin"]
[Black "Laux, Dominik"]
[Result "1-0"]
[Termination "normal"]
[Board "4"]
[WhiteElo "1846"]
[BlackElo "1889"]
[WhiteClock "00:12:41"]
[BlackClock "00:08:29"]
[PlyCount "101"]
[WhiteFideId "16228715"]
[BlackFideId "12994219"]
[EventCountry "GER"]
[EventRounds "11"]
[EventType "swiss"]
[EventDate "2018.05.19"]

1. c4 {[%clk 1:15:58]} 1... e5 {[%clk 1:15:39]} 2. g3 {[%clk 1:16:23]} 2... Nf6
{[%clk 1:15:56]} 3. Bg2 {[%clk 1:16:48]} 3... h6 {[%clk 1:16:15]} 4. d3 { [%clk
1:16:37]} 4... Bb4+ {[%clk 1:16:33]} 5. Bd2 {[%clk 1:17:03]} 5... Bxd2+ { [%clk
1:16:57]} 6. Qxd2 {[%clk 1:17:30]} 6... O-O {[%clk 1:17:21]} 7. Nf3 { [%clk
1:17:16]} 7... Re8 {[%clk 1:17:21]} 8. Nc3 {[%clk 1:17:21]} 8... c6 { [%clk
1:17:42]} 9. O-O {[%clk 1:16:26]} 9... d5 {[%clk 1:17:40]} 10. Rfd1 { [%clk
1:11:43]} 10... Bf5 {[%clk 1:13:14]} 11. e3 {[%clk 1:04:10]} 11... Na6 { [%clk
1:07:44]} 12. cxd5 {[%clk 0:56:09]} 12... cxd5 {[%clk 1:07:44]} 13. Rac1 {[%clk
0:53:39]} 13... Nb4 {[%clk 0:59:14]} 14. Nxd5 {[%clk 0:43:48]} 14... Nbxd5
{[%clk 0:51:52]} 15. e4 {[%clk 0:44:00]} 15... Be6 {[%clk 0:46:19]} 16. exd5
{[%clk 0:44:04]} 16... Bxd5 {[%clk 0:46:43]} 17. b3 {[%clk 0:39:59]} 17... Qd6
{[%clk 0:42:11]} 18. d4 {[%clk 0:37:02]} 18... e4 {[%clk 0:39:59]} 19. Ne5
{[%clk 0:36:51]} 19... Nd7 {[%clk 0:38:48]} 20. Nc4 {[%clk 0:36:34]} 20... Bxc4
{[%clk 0:38:06]} 21. bxc4 {[%clk 0:36:44]} 21... f5 {[%clk 0:37:40]} 22. c5 {
[%clk 0:35:59]} 22... Qd5 {[%clk 0:37:09]} 23. Bf1 {[%clk 0:35:12]} 23... Kh8 {
[%clk 0:36:30]} 24. Bc4 {[%clk 0:31:41]} 24... Qc6 {[%clk 0:36:46]} 25. Qb4 {
[%clk 0:31:11]} 25... e3 {[%clk 0:33:04]} 26. fxe3 {[%clk 0:26:56]} 26... Qf3 {
[%clk 0:28:39]} 27. Qd2 {[%clk 0:25:13]} 27... Rad8 {[%clk 0:24:45]} 28. Rf1 {
[%clk 0:24:42]} 28... Qe4 {[%clk 0:20:55]} 29. Rf4 {[%clk 0:21:51]} 29... Qxe3+
{[%clk 0:20:34]} 30. Qxe3 {[%clk 0:22:13]} 30... Rxe3 {[%clk 0:20:56]} 31. Rxf5
{[%clk 0:22:09]} 31... Nf6 {[%clk 0:21:08]} 32. Rd1 {[%clk 0:20:27]} 32... Re4
{[%clk 0:19:43]} 33. Rf4 {[%clk 0:20:32]} 33... Rxf4 {[%clk 0:19:45]} 34. gxf4
{[%clk 0:21:01]} 34... Ne4 {[%clk 0:19:56]} 35. Bb3 {[%clk 0:18:25]} 35... g6 {
[%clk 0:16:53]} 36. Kg2 {[%clk 0:17:40]} 36... Kg7 {[%clk 0:16:06]} 37. Kf3 {
[%clk 0:16:55]} 37... Nc3 {[%clk 0:15:47]} 38. Rd3 {[%clk 0:16:33]} 38... Nd5 {
[%clk 0:13:58]} 39. Bxd5 {[%clk 0:16:28]} 39... Rxd5 {[%clk 0:13:56]} 40. Ke4 {
[%clk 0:16:49]} 40... Rd8 {[%clk 0:14:17]} 41. d5 {[%clk 0:17:04]} 41... Kf6 {
[%clk 0:13:44]} 42. c6 {[%clk 0:11:36]} 42... bxc6 {[%clk 0:10:12]} 43. dxc6 {
[%clk 0:11:58]} 43... Rc8 {[%clk 0:10:25]} 44. Rd6+ {[%clk 0:11:50]} 44... Kf7
{[%clk 0:10:18]} 45. Kd5 {[%clk 0:12:12]} 45... g5 {[%clk 0:10:10]} 46. f5 {
[%clk 0:11:47]} 46... h5 {[%clk 0:10:02]} 47. Rd7+ {[%clk 0:12:03]} 47... Kf6 {
[%clk 0:10:05]} 48. Kd6 {[%clk 0:11:52]} 48... g4 {[%clk 0:09:49]} 49. c7 {
[%clk 0:12:07]} 49... h4 {[%clk 0:08:59]} 50. Rd8 {[%clk 0:12:20]} 50... g3 {
[%clk 0:08:29]} 51. hxg3 {[%clk 0:12:41]} 1-0

[Event "DEM U12 2018"]
[Site "Willingen GER"]
[Date "2018.05.21"]
[Round "3"]
[White "Neuber, Pascal"]
[Black "Wagner, Leopold Franziskus"]
[Result "0-1"]
[Termination "normal"]
[Board "5"]
[WhiteElo "1782"]
[BlackElo "2234"]
[WhiteClock "00:00:36"]
[BlackClock "00:41:03"]
[PlyCount "116"]
[WhiteFideId "16227611"]
[BlackFideId "1641581"]
[EventCountry "GER"]
[EventRounds "11"]
[EventType "swiss"]
[EventDate "2018.05.19"]

1. e4 {[%clk 1:15:59]} 1... c6 {[%clk 1:15:25]} 2. c4 {[%clk 1:16:21]} 2... d5
{[%clk 1:15:27]} 3. cxd5 {[%clk 1:16:42]} 3... cxd5 {[%clk 1:15:53]} 4. exd5 {
[%clk 1:17:06]} 4... Nf6 {[%clk 1:15:21]} 5. Qa4+ {[%clk 1:17:13]} 5... Bd7 {
[%clk 1:14:45]} 6. Qb3 {[%clk 1:17:20]} 6... Qb6 {[%clk 1:07:56]} 7. Qxb6 {
[%clk 1:14:24]} 7... axb6 {[%clk 1:08:18]} 8. Nc3 {[%clk 1:14:30]} 8... Na6 {
[%clk 1:08:20]} 9. Bxa6 {[%clk 1:06:10]} 9... bxa6 {[%clk 1:08:28]} 10. a4 {
[%clk 1:00:29]} 10... g6 {[%clk 1:07:53]} 11. Nf3 {[%clk 1:00:21]} 11... Bg7 {
[%clk 1:08:01]} 12. O-O {[%clk 1:00:02]} 12... O-O-O {[%clk 1:07:18]} 13. Re1 {
[%clk 0:51:58]} 13... Rde8 {[%clk 1:03:25]} 14. Ne5 {[%clk 0:47:00]} 14... Rhf8
{[%clk 1:03:25]} 15. d4 {[%clk 0:45:07]} 15... Nh5 {[%clk 0:59:52]} 16. Be3 {
[%clk 0:30:10]} 16... Nf6 {[%clk 0:47:01]} 17. h3 {[%clk 0:27:44]} 17... h6 {
[%clk 0:45:35]} 18. b4 {[%clk 0:26:21]} 18... e6 {[%clk 0:44:58]} 19. dxe6 {
[%clk 0:25:15]} 19... Bxe6 {[%clk 0:45:14]} 20. b5 {[%clk 0:24:13]} 20... a5 {
[%clk 0:44:50]} 21. Nc6 {[%clk 0:21:17]} 21... Kb7 {[%clk 0:44:39]} 22. Rad1 {
[%clk 0:20:03]} 22... Bb3 {[%clk 0:44:10]} 23. Rd2 {[%clk 0:20:03]} 23... Nd5 {
[%clk 0:43:14]} 24. Nxd5 {[%clk 0:19:11]} 24... Bxd5 {[%clk 0:43:32]} 25. Rb1 {
[%clk 0:13:35]} 25... f5 {[%clk 0:43:08]} 26. Bf4 {[%clk 0:12:18]} 26... Rf6 {
[%clk 0:30:43]} 27. Be5 {[%clk 0:11:53]} 27... Rf7 {[%clk 0:30:13]} 28. Bxg7 {
[%clk 0:12:00]} 28... Rxg7 {[%clk 0:30:37]} 29. Ne5 {[%clk 0:11:45]} 29... Rc8
{[%clk 0:30:05]} 30. f3 {[%clk 0:07:20]} 30... g5 {[%clk 0:30:00]} 31. Rbb2 {
[%clk 0:06:59]} 31... Rgc7 {[%clk 0:30:10]} 32. Kf2 {[%clk 0:07:02]} 32... Rc1
{[%clk 0:30:02]} 33. Ng6 {[%clk 0:04:37]} 33... R8c7 {[%clk 0:28:44]} 34. Re2 {
[%clk 0:04:07]} 34... f4 {[%clk 0:25:34]} 35. Ne5 {[%clk 0:01:30]} 35... Ra1 {
[%clk 0:24:36]} 36. Rec2 {[%clk 0:01:17]} 36... Rxc2+ {[%clk 0:24:16]} 37. Rxc2
{[%clk 0:01:44]} 37... Rxa4 {[%clk 0:24:38]} 38. Nc6 {[%clk 0:01:56]} 38...
Bxc6 {[%clk 0:23:25]} 39. Rxc6 {[%clk 0:00:38]} 39... Rxd4 {[%clk 0:23:52]} 40.
Rxh6 {[%clk 0:00:51]} 40... Rd2+ {[%clk 0:23:32]} 41. Ke1 {[%clk 0:08:20]}
41... Rxg2 {[%clk 0:38:18]} 42. h4 {[%clk 0:03:31]} 42... gxh4 {[%clk 0:38:32]}
43. Rxh4 {[%clk 0:03:48]} 43... a4 {[%clk 0:38:48]} 44. Rh7+ {[%clk 0:03:32]}
44... Kb8 {[%clk 0:39:06]} 45. Rh8+ {[%clk 0:03:57]} 45... Kc7 {[%clk 0:39:30]}
46. Ra8 {[%clk 0:02:55]} 46... Ra2 {[%clk 0:39:45]} 47. Kd1 {[%clk 0:02:34]}
47... Kd6 {[%clk 0:39:27]} 48. Rf8 {[%clk 0:01:04]} 48... a3 {[%clk 0:38:50]}
49. Rxf4 {[%clk 0:01:01]} 49... Rh2 {[%clk 0:38:51]} 50. Ra4 {[%clk 0:01:01]}
50... a2 {[%clk 0:39:14]} 51. Kc1 {[%clk 0:01:21]} 51... Ke5 {[%clk 0:38:34]}
52. Ra8 {[%clk 0:01:19]} 52... Kf4 {[%clk 0:38:50]} 53. Rf8+ {[%clk 0:01:02]}
53... Ke3 {[%clk 0:39:07]} 54. Re8+ {[%clk 0:01:20]} 54... Kxf3 {[%clk 0:39:31]
} 55. Rf8+ {[%clk 0:01:06]} 55... Ke3 {[%clk 0:39:54]} 56. Re8+ {[%clk 0:01:16]
} 56... Kd3 {[%clk 0:40:16]} 57. Rd8+ {[%clk 0:01:18]} 57... Kc3 { [%clk
0:40:39]} 58. Rd2 {[%clk 0:00:36]} 58... a1=Q# {[%clk 0:41:03]} 0-1

[Event "DEM U12 2018"]
[Site "Willingen GER"]
[Date "2018.05.21"]
[Round "3"]
[White "Bui, Bao Anh Le"]
[Black "Felten, Maximilian"]
[Result "1-0"]
[Termination "normal"]
[Board "6"]
[WhiteElo "1974"]
[BlackElo "1664"]
[WhiteClock "01:00:02"]
[BlackClock "00:59:48"]
[PlyCount "79"]
[WhiteFideId "12970719"]
[BlackFideId "4004949"]
[EventCountry "GER"]
[EventRounds "11"]
[EventType "swiss"]
[EventDate "2018.05.19"]

1. e4 {[%clk 1:15:45]} 1... e6 {[%clk 1:15:42]} 2. d4 {[%clk 1:16:09]} 2... d5
{[%clk 1:15:53]} 3. Nc3 {[%clk 1:16:24]} 3... Nf6 {[%clk 1:14:56]} 4. Bg5 {
[%clk 1:16:04]} 4... Be7 {[%clk 1:14:23]} 5. e5 {[%clk 1:16:28]} 5... Nfd7 {
[%clk 1:14:25]} 6. Bxe7 {[%clk 1:16:54]} 6... Qxe7 {[%clk 1:14:47]} 7. f4 {
[%clk 1:17:22]} 7... a6 {[%clk 1:14:30]} 8. Nf3 {[%clk 1:15:22]} 8... b5 {
[%clk 1:10:55]} 9. Qd2 {[%clk 1:13:47]} 9... Bb7 10. Bd3 {[%clk 1:14:10]} 10...
c5 {[%clk 1:09:24]} 11. dxc5 {[%clk 1:14:10]} 11... Qxc5 {[%clk 1:09:28]} 12.
Qf2 {[%clk 1:12:33]} 12... Qxf2+ {[%clk 1:09:32]} 13. Kxf2 {[%clk 1:13:00]}
13... Nc6 {[%clk 1:09:15]} 14. Ne2 {[%clk 1:10:42]} 14... Nc5 {[%clk 1:08:28]}
15. Ned4 {[%clk 1:07:59]} 15... O-O {[%clk 1:03:52]} 16. Nxc6 {[%clk 0:49:49]}
16... Bxc6 {[%clk 1:04:03]} 17. Nd4 {[%clk 0:50:15]} 17... Bd7 {[%clk 1:04:19]}
18. g4 {[%clk 0:39:49]} 18... f6 {[%clk 1:03:49]} 19. Ke3 {[%clk 0:38:52]}
19... Na4 {[%clk 0:57:54]} 20. b3 {[%clk 0:33:18]} 20... Nc5 {[%clk 0:58:01]}
21. Rhf1 {[%clk 0:30:20]} 21... Rac8 {[%clk 0:52:22]} 22. Kd2 {[%clk 0:26:35]}
22... Nb7 {[%clk 0:49:34]} 23. a4 {[%clk 0:19:00]} 23... Nc5 {[%clk 0:49:09]}
24. axb5 {[%clk 0:17:43]} 24... Nxd3 {[%clk 0:49:22]} 25. cxd3 {[%clk 0:17:40]}
25... axb5 {[%clk 0:49:45]} 26. exf6 {[%clk 0:15:22]} 26... gxf6 { [%clk
0:49:51]} 27. Ra7 {[%clk 0:14:37]} 27... Rfd8 {[%clk 0:49:18]} 28. Re1 { [%clk
0:13:33]} 28... Ra8 {[%clk 0:48:47]} 29. Rxa8 {[%clk 0:10:08]} 29... Rxa8
{[%clk 0:49:05]} 30. Kc3 {[%clk 0:02:35]} 30... Kf7 {[%clk 0:48:59]} 31. Kb4 {
[%clk 0:02:57]} 31... Ra2 {[%clk 0:49:08]} 32. Re2 {[%clk 0:02:39]} 32... Ra6 {
[%clk 0:47:45]} 33. h4 {[%clk 0:00:50]} 33... h6 {[%clk 0:47:45]} 34. g5 {
[%clk 0:00:50]} 34... hxg5 {[%clk 0:47:45]} 35. hxg5 {[%clk 0:01:17]} 35...
fxg5 {[%clk 0:48:39]} 36. fxg5 {[%clk 0:01:53]} 36... Be8 {[%clk 0:48:40]} 37.
Nf5 {[%clk 0:02:04]  Kg7  [%clk 0:48:47]  Rc2+  [%clk 0:00:37]} 37... Ra7 {
[%clk 0:48:30]  Rc8+  [%clk 0:14:40]  Re7  [%clk 1:02:43]} 38. Kc5 {[%clk 0:14:
16]  Bh5  [%clk 1:00:55]  Kd6+  [%clk 0:13:09]  Ra7  [%clk 1:01:18]  Kxe6+
[%clk 0:12:11]  Bd1  [%clk 1:01:34]} 38... b4 { [%clk 0:11:08]  Bb3  [%clk
1:01:44]} 39. Kd6 {[%clk 0:10:27]} 39... Ra1 { [%clk 1:00:47]  Rc7+  [%clk
0:10:30]  Kg8  [%clk 1:01:08]  Ke6  [%clk 0:04:29] Ra4  [%clk 1:00:48]  Kf6 
[%clk 0:04:28]  Rxb4  [%clk 0:59:27]  Rc8+  [%clk 0: 04:46]  Kh7  [%clk
0:59:48]} 40. g6+ {[%clk 0:05:15]  Kh6  [%clk 1:00:02]  Rh8# } 1-0

[Event "DEM U12 2018"]
[Site "Willingen GER"]
[Date "2018.05.21"]
[Round "3"]
[White "Bakiev, Diyor"]
[Black "Amato, Cristiano"]
[Result "1-0"]
[Termination "normal"]
[Board "11"]
[WhiteElo "1752"]
[BlackElo "1681"]
[WhiteClock "00:29:03"]
[BlackClock "00:07:33"]
[PlyCount "87"]
[WhiteFideId "16241584"]
[BlackFideId "12998460"]
[EventCountry "GER"]
[EventRounds "11"]
[EventType "swiss"]
[EventDate "2018.05.19"]

1. e4 {[%clk 1:15:55]} 1... c5 {[%clk 1:15:45]} 2. c3 {[%clk 1:16:10]} 2... Nf6
{[%clk 1:15:55]} 3. e5 {[%clk 1:16:31]} 3... Nd5 {[%clk 1:16:05]} 4. d4 { [%clk
1:16:47]} 4... cxd4 {[%clk 1:16:19]} 5. Nf3 {[%clk 1:17:00]} 5... Nc6 { [%clk
1:16:35]} 6. cxd4 {[%clk 1:17:24]} 6... d6 {[%clk 1:16:53]} 7. Bc4 { [%clk
1:17:37]} 7... dxe5 {[%clk 1:17:01]} 8. dxe5 {[%clk 1:17:37]} 8... Ndb4 { [%clk
1:17:13]} 9. a3 {[%clk 1:12:44]} 9... Qxd1+ {[%clk 1:14:45]} 10. Kxd1 { [%clk
1:13:10]} 10... Na6 {[%clk 1:14:40]} 11. Bxa6 {[%clk 1:13:09]} 11... bxa6
{[%clk 1:14:57]} 12. Be3 {[%clk 1:05:02]} 12... Bg4 {[%clk 1:15:01]} 13. Bf4 {
[%clk 1:03:20]} 13... g6 {[%clk 1:11:24]} 14. Nbd2 {[%clk 1:01:23]} 14... Bg7 {
[%clk 1:07:30]} 15. Re1 {[%clk 1:01:12]} 15... O-O {[%clk 1:05:57]} 16. h3 {
[%clk 0:58:53]} 16... Bxf3+ {[%clk 1:02:21]} 17. Nxf3 {[%clk 0:59:09]} 17...
Rfd8+ {[%clk 1:01:44]} 18. Ke2 {[%clk 0:58:37]} 18... Nd4+ {[%clk 0:54:33]} 19.
Nxd4 {[%clk 0:58:46]} 19... Rxd4 {[%clk 0:54:53]} 20. Bg3 {[%clk 0:57:55]}
20... Rd5 {[%clk 0:47:17]} 21. Kf1 {[%clk 0:55:54]} 21... Rad8 {[%clk 0:46:40]}
22. Rac1 {[%clk 0:53:28]} 22... e6 {[%clk 0:42:51]} 23. Rc7 {[%clk 0:51:16]}
23... R8d7 {[%clk 0:42:16]} 24. Rec1 {[%clk 0:46:53]} 24... Rxc7 { [%clk
0:29:26]} 25. Rxc7 {[%clk 0:47:05]} 25... Bxe5 {[%clk 0:29:31]} 26. Bxe5 {[%clk
0:47:28]} 26... Rxe5 {[%clk 0:29:58]} 27. Rxa7 {[%clk 0:47:48]} 27... a5 {[%clk
0:30:24]} 28. Rb7 {[%clk 0:40:27]} 28... Kf8 {[%clk 0:29:31]} 29. b4 { [%clk
0:40:03]} 29... axb4 {[%clk 0:29:56]} 30. axb4 {[%clk 0:40:28]} 30... Rd5
{[%clk 0:30:04]} 31. Ke2 {[%clk 0:39:50]} 31... Ke8 {[%clk 0:29:39]} 32. Ke3 {
[%clk 0:38:43]} 32... h5 {[%clk 0:28:20]} 33. b5 {[%clk 0:34:38]} 33... Kf8 {
[%clk 0:25:19]} 34. b6 {[%clk 0:32:38]} 34... Ke8 {[%clk 0:21:41]} 35. Rc7 {
[%clk 0:29:18]} 35... Rd7 {[%clk 0:13:28]} 36. b7 {[%clk 0:29:16]} 36... Rxc7 {
[%clk 0:13:40]} 37. b8=Q+ {[%clk 0:29:42]} 37... Kd7 {[%clk 0:14:01]} 38. Kd4 {
[%clk 0:29:23]} 38... Rc8 {[%clk 0:12:53]} 39. Qb5+ {[%clk 0:28:50]} 39... Kd8
{[%clk 0:09:12]} 40. Ke5 {[%clk 0:28:07]} 40... Ke7 {[%clk 0:06:52]} 41. Qb7+ {
[%clk 0:28:25]} 41... Kd8 {[%clk 0:07:16]} 42. Kd6 {[%clk 0:28:20]} 42... Rc6+
{[%clk 0:07:12]} 43. Qxc6 {[%clk 0:28:38]} 43... g5 {[%clk 0:07:33]} 44. Qd7# {
[%clk 0:29:03]} 1-0

[Event "DEM U12 2018"]
[Site "Willingen GER"]
[Date "2018.05.21"]
[Round "3"]
[White "Prieb, Robert"]
[Black "Wildermuth, Nikolas Karl"]
[Result "1-0"]
[Termination "normal"]
[Board "12"]
[WhiteTitle "CM"]
[WhiteElo "1709"]
[BlackElo "1495"]
[WhiteClock "00:07:21"]
[BlackClock "00:13:23"]
[PlyCount "97"]
[WhiteFideId "16212002"]
[BlackFideId "16244699"]
[EventCountry "GER"]
[EventRounds "11"]
[EventType "swiss"]
[EventDate "2018.05.19"]

1. d4 {[%clk 1:15:56]} 1... Nf6 {[%clk 1:15:59]} 2. c4 {[%clk 1:16:17]} 2... g6
{[%clk 1:16:26]} 3. Nc3 {[%clk 1:16:37]} 3... Bg7 {[%clk 1:16:51]} 4. e4 {
[%clk 1:16:52]} 4... d6 {[%clk 1:17:15]} 5. Nf3 {[%clk 1:17:06]} 5... O-O {
[%clk 1:17:41]} 6. Be2 {[%clk 1:17:17]} 6... e5 {[%clk 1:18:05]} 7. O-O { [%clk
1:17:27]} 7... Nc6 {[%clk 1:18:32]} 8. d5 {[%clk 1:17:43]} 8... Ne7 { [%clk
1:18:59]} 9. Ne1 {[%clk 1:17:53]} 9... Nd7 {[%clk 1:19:20]} 10. Be3 { [%clk
1:18:05]} 10... f5 {[%clk 1:19:18]} 11. f3 {[%clk 1:18:17]} 11... f4 { [%clk
1:19:36]} 12. Bf2 {[%clk 1:18:41]} 12... h5 {[%clk 1:18:47]} 13. Rc1 { [%clk
1:18:29]} 13... g5 {[%clk 1:18:09]} 14. c5 {[%clk 1:17:54]} 14... Nxc5 { [%clk
1:14:49]} 15. b4 {[%clk 1:16:09]} 15... Na6 {[%clk 1:10:44]} 16. Nb5 { [%clk
1:13:22]} 16... Rf6 {[%clk 1:04:29]} 17. Qc2 {[%clk 1:04:41]} 17... c6 { [%clk
1:01:19]} 18. dxc6 {[%clk 1:04:04]} 18... bxc6 {[%clk 0:59:47]} 19. Nxa7 {[%clk
1:00:37]} 19... Nxb4 {[%clk 0:49:54]} 20. Qc4+ {[%clk 0:57:08]} 20... Be6
{[%clk 0:50:00]} 21. Qxb4 {[%clk 0:56:49]} 21... c5 {[%clk 0:49:41]} 22. Qb7
{[%clk 0:54:31]} 22... Rf7 {[%clk 0:46:25]} 23. Nc6 {[%clk 0:52:19]} 23... Nxc6
{[%clk 0:45:57]} 24. Qxc6 {[%clk 0:52:39]} 24... Rc7 {[%clk 0:45:08]} 25. Qb6
{[%clk 0:51:43]} 25... Rb8 {[%clk 0:41:55]} 26. Qa6 {[%clk 0:49:41]} 26... Ra8
{[%clk 0:42:01]} 27. Qd3 {[%clk 0:48:56]} 27... Rxa2 {[%clk 0:40:46]} 28. Bxc5
{[%clk 0:36:22]} 28... Rxe2 {[%clk 0:37:23]} 29. Qxe2 {[%clk 0:36:33]} 29...
dxc5 {[%clk 0:37:23]} 30. Qa6 {[%clk 0:32:04]} 30... Qd4+ {[%clk 0:37:07] } 31.
Rf2 {[%clk 0:29:50]} 31... Bf7 {[%clk 0:36:36]} 32. Nc2 {[%clk 0:24:57]} 32...
Qd7 {[%clk 0:31:37]} 33. Qa5 {[%clk 0:21:36]} 33... Bf8 {[%clk 0:30:00]} 34.
Rd2 {[%clk 0:19:55]} 34... Qe7 {[%clk 0:27:52]} 35. Na3 {[%clk 0:14:00]} 35...
c4 {[%clk 0:25:47]} 36. Nb1 {[%clk 0:08:02]} 36... Qc5+ {[%clk 0:24:14]} 37.
Qxc5 {[%clk 0:08:24]} 37... Bxc5+ {[%clk 0:24:38]} 38. Kf1 {[%clk 0:08:44]}
38... Be3 {[%clk 0:25:02]} 39. Rd8+ {[%clk 0:09:07]} 39... Kg7 {[%clk 0:25:04]}
40. Rc2 {[%clk 0:06:38]} 40... Rb7 {[%clk 0:22:19]} 41. Nc3 {[%clk 0:04:35]}
41... Bd4 {[%clk 0:20:58]} 42. Rc8 {[%clk 0:12:17]} 42... Rb3 {[%clk 0:33:49]}
43. Nd5 {[%clk 0:12:02]} 43... Bxd5 {[%clk 0:29:47]} 44. exd5 {[%clk 0:12:24]}
44... Rb5 {[%clk 0:15:11]} 45. d6 {[%clk 0:09:35]} 45... Rd5 {[%clk 0:14:57]}
46. R2xc4 {[%clk 0:07:27]} 46... Rxd6 {[%clk 0:15:01]} 47. R4c7+ { [%clk
0:07:35]} 47... Kf6 {[%clk 0:14:45]} 48. Rh8 {[%clk 0:07:01]} 48... h4 { [%clk
0:13:23]} 49. Rh6+ {[%clk 0:07:21]} 1-0

[Event "DEM U12 2018"]
[Site "Willingen GER"]
[Date "2018.05.21"]
[Round "3"]
[White "May, Ben-Iven"]
[Black "Garner, Isaac"]
[Result "1-0"]
[Termination "normal"]
[Board "13"]
[WhiteElo "1769"]
[BlackElo "1751"]
[PlyCount "91"]
[WhiteFideId "16229673"]
[BlackFideId "16239261"]
[EventCountry "GER"]
[EventRounds "11"]
[EventType "swiss"]
[EventDate "2018.05.19"]

1. e4 c5 2. Nf3 e6 3. d4 cxd4 4. Nxd4 Nc6 5. Be3 Nf6 6. Nc3 Bb4 7. Nxc6 bxc6 8.
f3 e5 9. a3 Be7 10. Bc4 Rb8 11. Rb1 Qa5 12. Qd2 O-O 13. O-O Rd8 14. Nd5 Qxd2
15. Nxe7+ Kf8 16. Bxd2 Kxe7 17. Ba5 Re8 18. Bc7 Ra8 19. Bxe5 d6 20. Bc3 Be6 21.
Bxe6 fxe6 22. e5 dxe5 23. Bxe5 Rad8 24. Rfd1 Kf7 25. c4 Ng8 26. Bc7 Rc8 27.
Rd7+ Re7 28. Rxe7+ Nxe7 29. Ba5 c5 30. Rd1 Ke8 31. Bc3 g6 32. Rd6 Rc6 33. Rxc6
Nxc6 34. Kf2 Ke7 35. Ke3 e5 36. b4 Kd6 37. f4 exf4+ 38. Kxf4 Ne7 39. bxc5+ Kc6
40. g4 h5 41. h3 hxg4 42. hxg4 Ng8 43. Bd4 Ne7 44. Ke5 Ng8 45. g5 Kd7 46. c6+
1-0

[Event "DEM U12 2018"]
[Site "Willingen GER"]
[Date "2018.05.21"]
[Round "3"]
[White "Stepanov, Maximilian"]
[Black "Hagenbeck-Hübert, Ben"]
[Result "1-0"]
[Termination "normal"]
[Board "14"]
[WhiteElo "1300"]
[BlackElo "1760"]
[PlyCount "81"]
[WhiteFideId "16244680"]
[BlackFideId "16230779"]
[EventCountry "GER"]
[EventRounds "11"]
[EventType "swiss"]
[EventDate "2018.05.19"]

1. d4 d5 2. c4 c6 3. Nc3 Nf6 4. Bf4 g6 5. Nf3 Bg7 6. e3 O-O 7. h3 Re8 8. c5
Nbd7 9. Be2 b6 10. cxb6 axb6 11. O-O Bb7 12. a3 Ne4 13. Qc2 e5 14. dxe5 Nxe5
15. Nxe4 Nxf3+ 16. gxf3 dxe4 17. fxe4 c5 18. f3 Qh4 19. Kg2 Be5 20. Qc1 f5 21.
Bc4+ Kf8 22. exf5 Bxf4 23. exf4 gxf5 24. Qc3 Bd5 25. Qh8+ Ke7 26. Qe5+ Kd7 27.
Qxd5+ Kc7 28. Qxf5 Ra4 29. Rad1 Re7 30. Bb5 Rxf4 31. Rd7+ Kb8 32. Rd8+ Ka7 33.
Qc8 Rg7+ 34. Kh1 Qxd8 35. Qxd8 Rd4 36. Qf8 Rg3 37. Kh2 Rg6 38. Re1 Rd2+ 39. Kh1
Rgg2 40. Re7+ Rd7 41. Rxd7# 1-0

[Event "DEM U12 2018"]
[Site "Willingen GER"]
[Date "2018.05.21"]
[Round "3"]
[White "Schwartz, Oliver"]
[Black "Rössel, Gino"]
[Result "0-1"]
[Termination "normal"]
[Board "15"]
[WhiteElo "1651"]
[BlackElo "1822"]
[WhiteClock "00:14:40"]
[BlackClock "01:02:43"]
[PlyCount "84"]
[WhiteFideId "16207459"]
[BlackFideId "16203070"]
[EventCountry "GER"]
[EventRounds "11"]
[EventType "swiss"]
[EventDate "2018.05.19"]

1. e4 c5 2. Nf3 d6 3. d4 cxd4 4. Nxd4 Nf6 5. Nc3 a6 6. Bc4 e6 7. Bb3 Nbd7 8.
O-O Nc5 9. Re1 b5 10. Bg5 Bb7 11. e5 dxe5 12. Rxe5 Qc7 13. Re3 Rd8 14. Bxf6
gxf6 15. Qg4 h5 16. Qh4 Be7 17. Nf3 Rh6 18. Rae1 f5 19. Qg3 f4 20. Qg8+ Bf8 21.
Re5 Bxf3 22. Bd5 Rg6 23. Qh8 b4 24. Bxf3 bxc3 25. b4 Nd7 26. Rxh5 Nf6 27. Rh4
Qd6 28. Bh5 Nxh5 29. Qxh5 Rh6 30. Qg4 Rxh4 31. Qxh4 Qd2 32. Kf1 Qxc2 33. Qxf4
Qd3+ 34. Kg1 c2 35. Qc7 Bxb4 36. Rf1 Qxf1+ 37. Kxf1 Rd1+ 38. Ke2 c1=Q 39. Qb8+
Rd8 40. Qxb4 Qc2+ 41. Kf3 Qd3+ 42. Kg4 Rd4+ 0-1

[Event "DEM U12 2018"]
[Site "Willingen GER"]
[Date "2018.05.21"]
[Round "3"]
[White "Kort, Felix"]
[Black "Hoffmann, Kay"]
[Result "0-1"]
[Termination "normal"]
[Board "16"]
[WhiteElo "1672"]
[BlackElo "1247"]
[WhiteClock "00:44:33"]
[BlackClock "01:17:07"]
[PlyCount "80"]
[WhiteFideId "16220129"]
[BlackFideId "16227000"]
[EventCountry "GER"]
[EventRounds "11"]
[EventType "swiss"]
[EventDate "2018.05.19"]

1. d4 d5 2. c4 e6 3. Nc3 f5 4. Bf4 c6 5. e3 Nf6 6. Bd3 Bd6 7. Bxd6 Qxd6 8. Qc2
O-O 9. Nge2 Ne4 10. cxd5 exd5 11. Ng3 Bd7 12. Bxe4 fxe4 13. Qb3 Be6 14. Qxb7
Nd7 15. Qa6 Rfb8 16. Qe2 Qb4 17. Rb1 Qxc3+ 18. bxc3 Rxb1+ 19. Qd1 Rxd1+ 20.
Kxd1 Rb8 21. Kc2 Rb5 22. c4 dxc4 23. Nxe4 Bf5 24. f3 Nf6 25. Kc3 Nxe4+ 26. fxe4
Bxe4 27. Kxc4 Bxg2 28. Rc1 Bd5+ 29. Kc3 Kf7 30. a4 Rb3+ 31. Kd2 Rb2+ 32. Rc2
Rxc2+ 33. Kxc2 g5 34. Kd2 Kg6 35. Ke2 Kf5 36. Kf2 Ke4 37. Ke2 Bc4+ 38. Kf2 a5
39. h3 Bb3 40. Ke2 Bxa4 0-1